000 00695 a2200205 4500
005 20130429160633.0
008 130429b xxu||||| |||| 00| 0 eng d
020 _a9781613243053
080 _a577.212.3(031)
_bDUN.1-.3 R
100 _aDuncan, Samuel J; ed.
245 _aEncyclopedia of DNA research
_ced. by Samuel J. Duncan and Patricia H. Wiley
260 _bNova Science publishers
_c2012
_aNew York
300 _a3v. 952p.
490 _aDNA and RNA properties and modifications, functions and interactions, Recombination and applications
653 _aDNA research
653 _aDNA damage repair
653 _aDNA finger printing
700 _aWiley, Patricia H
942 _cREF
999 _c75609
_d75608